<?xml version="1.0" encoding="UTF-8"?>
<record
    xmlns:xsi="http://www.w3.org/2001/XMLSchema-instance"
    xsi:schemaLocation="http://www.loc.gov/MARC21/slim http://www.loc.gov/standards/marcxml/schema/MARC21slim.xsd"
    xmlns="http://www.loc.gov/MARC21/slim">

  <leader>00677 am a2200265 a 4500</leader>
  <controlfield tag="001">153074</controlfield>
  <controlfield tag="003">OSt</controlfield>
  <controlfield tag="005">20251212143815.0</controlfield>
  <controlfield tag="008">504                ###                  </controlfield>
  <datafield tag="020" ind1=" " ind2=" ">
    <subfield code="a">9789332551589</subfield>
  </datafield>
  <datafield tag="082" ind1=" " ind2=" ">
    <subfield code="a">515.8</subfield>
    <subfield code="b">R81R</subfield>
  </datafield>
  <datafield tag="100" ind1="1" ind2=" ">
    <subfield code="a">Royden, H L</subfield>
  </datafield>
  <datafield tag="245" ind1="1" ind2=" ">
    <subfield code="a">Real analysis</subfield>
    <subfield code="c">By H L Royden  And P M Fitzpatrick</subfield>
  </datafield>
  <datafield tag="250" ind1=" " ind2=" ">
    <subfield code="a">4th ed.</subfield>
  </datafield>
  <datafield tag="260" ind1=" " ind2=" ">
    <subfield code="a">Noida, U.P.</subfield>
    <subfield code="b">Pearson</subfield>
    <subfield code="c">2016, 2019</subfield>
  </datafield>
  <datafield tag="300" ind1=" " ind2=" ">
    <subfield code="a">xii, 505p.</subfield>
    <subfield code="b">Paperback</subfield>
  </datafield>
  <datafield tag="546" ind1=" " ind2=" ">
    <subfield code="a">English</subfield>
  </datafield>
  <datafield tag="650" ind1=" " ind2=" ">
    <subfield code="2">Functions of real variables</subfield>
  </datafield>
  <datafield tag="650" ind1=" " ind2=" ">
    <subfield code="2">Topology</subfield>
  </datafield>
  <datafield tag="650" ind1=" " ind2=" ">
    <subfield code="2">Calculus</subfield>
  </datafield>
  <datafield tag="650" ind1=" " ind2=" ">
    <subfield code="2">Functional analysis</subfield>
  </datafield>
  <datafield tag="650" ind1=" " ind2=" ">
    <subfield code="2">Measure theory</subfield>
  </datafield>
  <datafield tag="700" ind1=" " ind2=" ">
    <subfield code="a">Fitzpatrick, P M</subfield>
  </datafield>
  <datafield tag="942" ind1=" " ind2=" ">
    <subfield code="2">ddc</subfield>
    <subfield code="c">BK</subfield>
  </datafield>
  <datafield tag="999" ind1=" " ind2=" ">
    <subfield code="c">15804</subfield>
    <subfield code="d">15804</subfield>
  </datafield>
  <datafield tag="952" ind1=" " ind2=" ">
    <subfield code="0">0</subfield>
    <subfield code="1">0</subfield>
    <subfield code="4">0</subfield>
    <subfield code="7">0</subfield>
    <subfield code="a">CURAJ</subfield>
    <subfield code="b">CURAJ</subfield>
    <subfield code="d">2016-03-31</subfield>
    <subfield code="e">Indica Publisher </subfield>
    <subfield code="l">0</subfield>
    <subfield code="o">515.8 R81R</subfield>
    <subfield code="p">27468</subfield>
    <subfield code="r">2024-11-21</subfield>
    <subfield code="w">2020-09-02</subfield>
    <subfield code="y">BK</subfield>
  </datafield>
  <datafield tag="952" ind1=" " ind2=" ">
    <subfield code="0">0</subfield>
    <subfield code="1">0</subfield>
    <subfield code="4">0</subfield>
    <subfield code="7">0</subfield>
    <subfield code="8">TXB</subfield>
    <subfield code="a">CURAJ</subfield>
    <subfield code="b">CURAJ</subfield>
    <subfield code="d">2018-03-28</subfield>
    <subfield code="l">1</subfield>
    <subfield code="o">515.8 R81R</subfield>
    <subfield code="p">30436</subfield>
    <subfield code="r">2022-08-05</subfield>
    <subfield code="s">2022-07-29</subfield>
    <subfield code="w">2020-09-02</subfield>
    <subfield code="y">BK</subfield>
  </datafield>
  <datafield tag="952" ind1=" " ind2=" ">
    <subfield code="0">0</subfield>
    <subfield code="1">0</subfield>
    <subfield code="2">ddc</subfield>
    <subfield code="4">0</subfield>
    <subfield code="7">0</subfield>
    <subfield code="8">TXB</subfield>
    <subfield code="a">CURAJ</subfield>
    <subfield code="b">CURAJ</subfield>
    <subfield code="d">2016-07-25</subfield>
    <subfield code="l">0</subfield>
    <subfield code="o">515.8 R81R</subfield>
    <subfield code="p">27759</subfield>
    <subfield code="q">2018-01-01</subfield>
    <subfield code="r">2020-09-02</subfield>
    <subfield code="w">2020-09-02</subfield>
    <subfield code="y">BK</subfield>
  </datafield>
  <datafield tag="952" ind1=" " ind2=" ">
    <subfield code="0">0</subfield>
    <subfield code="1">0</subfield>
    <subfield code="2">ddc</subfield>
    <subfield code="4">0</subfield>
    <subfield code="7">0</subfield>
    <subfield code="8">TXB</subfield>
    <subfield code="a">CURAJ</subfield>
    <subfield code="b">CURAJ</subfield>
    <subfield code="c">MTH</subfield>
    <subfield code="d">2021-03-05</subfield>
    <subfield code="e">Indica Publisher </subfield>
    <subfield code="g">529.00</subfield>
    <subfield code="i">2020-21/0941/29-01-2021</subfield>
    <subfield code="l">3</subfield>
    <subfield code="o">515.8 R81R</subfield>
    <subfield code="p">35476</subfield>
    <subfield code="r">2025-03-13</subfield>
    <subfield code="s">2025-02-28</subfield>
    <subfield code="w">2021-03-05</subfield>
    <subfield code="y">BK</subfield>
  </datafield>
  <datafield tag="952" ind1=" " ind2=" ">
    <subfield code="0">0</subfield>
    <subfield code="1">0</subfield>
    <subfield code="2">ddc</subfield>
    <subfield code="4">0</subfield>
    <subfield code="7">0</subfield>
    <subfield code="8">TXB</subfield>
    <subfield code="a">CURAJ</subfield>
    <subfield code="b">CURAJ</subfield>
    <subfield code="c">MTH</subfield>
    <subfield code="d">2021-03-05</subfield>
    <subfield code="e">Indica Publisher </subfield>
    <subfield code="g">529.00</subfield>
    <subfield code="i">2020-21/0941/29-01-2021</subfield>
    <subfield code="l">4</subfield>
    <subfield code="o">515.8 R81R</subfield>
    <subfield code="p">35475</subfield>
    <subfield code="r">2023-08-03</subfield>
    <subfield code="s">2023-07-26</subfield>
    <subfield code="w">2021-03-05</subfield>
    <subfield code="y">BK</subfield>
  </datafield>
  <datafield tag="952" ind1=" " ind2=" ">
    <subfield code="0">0</subfield>
    <subfield code="1">0</subfield>
    <subfield code="2">ddc</subfield>
    <subfield code="4">0</subfield>
    <subfield code="7">0</subfield>
    <subfield code="8">TXB</subfield>
    <subfield code="a">CURAJ</subfield>
    <subfield code="b">CURAJ</subfield>
    <subfield code="c">MTH</subfield>
    <subfield code="d">2021-03-05</subfield>
    <subfield code="e">Indica Publisher </subfield>
    <subfield code="g">529.00</subfield>
    <subfield code="i">2020-21/0941/29-01-2021</subfield>
    <subfield code="l">1</subfield>
    <subfield code="o">515.8 R81R</subfield>
    <subfield code="p">35478</subfield>
    <subfield code="r">2023-12-01</subfield>
    <subfield code="s">2023-09-29</subfield>
    <subfield code="w">2021-03-05</subfield>
    <subfield code="y">BK</subfield>
  </datafield>
  <datafield tag="952" ind1=" " ind2=" ">
    <subfield code="0">0</subfield>
    <subfield code="1">0</subfield>
    <subfield code="2">ddc</subfield>
    <subfield code="4">0</subfield>
    <subfield code="7">0</subfield>
    <subfield code="8">TXB</subfield>
    <subfield code="a">CURAJ</subfield>
    <subfield code="b">CURAJ</subfield>
    <subfield code="c">MTH</subfield>
    <subfield code="d">2021-03-05</subfield>
    <subfield code="e">Indica Publisher </subfield>
    <subfield code="g">529.00</subfield>
    <subfield code="i">2020-21/0941/29-01-2021</subfield>
    <subfield code="o">515.8 R81R</subfield>
    <subfield code="p">35479</subfield>
    <subfield code="r">2021-03-05</subfield>
    <subfield code="w">2021-03-05</subfield>
    <subfield code="y">BK</subfield>
  </datafield>
  <datafield tag="952" ind1=" " ind2=" ">
    <subfield code="0">0</subfield>
    <subfield code="1">0</subfield>
    <subfield code="2">ddc</subfield>
    <subfield code="4">0</subfield>
    <subfield code="7">0</subfield>
    <subfield code="8">TXB</subfield>
    <subfield code="a">CURAJ</subfield>
    <subfield code="b">CURAJ</subfield>
    <subfield code="c">MTH</subfield>
    <subfield code="d">2021-07-06</subfield>
    <subfield code="e">Indica Publisher </subfield>
    <subfield code="g">529.00</subfield>
    <subfield code="i">2020-21/0941/29-01-2021</subfield>
    <subfield code="l">2</subfield>
    <subfield code="o">515.8 R81R</subfield>
    <subfield code="p">35477</subfield>
    <subfield code="r">2026-04-15</subfield>
    <subfield code="s">2026-03-27</subfield>
    <subfield code="w">2021-07-06</subfield>
    <subfield code="y">BK</subfield>
  </datafield>
</record>
